| 000 | 01392 a2200193 4500 | ||
|---|---|---|---|
| 001 | 57772 | ||
| 005 | 20260407155837.0 | ||
| 008 | 260407a1983 arg spa d | ||
| 003 | AR-UNSa-BCEJYS | ||
| 040 |
_aAR-UNSa-BCEJYS _bspa _cAR-UNSa-BCEJYS |
||
| 080 |
_a339.5 _xComercio exterior. Comercio Internacional |
||
| 245 | 1 | 0 |
_aRepública de Corea _pUn mercado para productos de otros países de desarrollo |
| 264 | 1 |
_aGinebra : _bCentro de Comercio Internacional _c1983 |
|
| 300 |
_a146 p. _c23 cm. |
||
| 505 | _aPrimera parte: 1. La república de Corea como mercado de importación en general y como mercado para otros países en desarrollo en particular – 2. El comercio con la república de Corea – Parte 2: 1. Productos alimenticios y materias primas agrícolas – 2. Semillas y nueces oleaginosas – 3. Aceites y grasas – 4. Pieles y cueros (cueros de bovinos y pieles de ovinos y de caprinos curtidas) – 5. Productos de la madera: madera aserrada, chapas, madera torcida (contrachapados), trabajos de carpintería – 6. Textiles: tejidos de fibras sintéticas y artificiales – 7. Productos de metal y mineral de hierro – 8. Maquinaria y utensilios eléctricos – 9. Barcos y botes – 10. Productos diversos – 11. Evolución de las importaciones en 1982 | ||
| 942 | _cBK | ||
| 590 | _aniveau_biblio:m niveau_hierar:0 | ||
| 100 | 1 | _aCentro de Comercio Internacional (CCI) | |
| 999 |
_c6284 _d6284 |
||